000 00812cam a22002538i 4500
001 018460280
003 OSt
005 20260129103539.0
008 170614s2017 cau 000|0|eng|d
020 _a9781473902534 (Hardcover)
_cUSD 37.00
040 _aStDuBDS
_beng
_cStDuBDS
_erda
_dNUST
050 _aP91.3 RUD
100 1 _aRuddock, Andy
_eAuthor
245 1 0 _aExploring media research /
_cAndy Ruddock.
260 _aLondon :
_bSage,
_c©2017.
300 _axi, 303 pages :
_bIllustrations ;
_c25 cm.
336 _atext
_2rdacontent
_btxt
337 _aunmediated
_2rdamedia
_bn
338 _avolume
_2rdacarrier
_bnc
504 _aIncludes bibliographical references and index.
650 0 _aMass media
_xResearch.
650 0 _aMedia studies.
942 _2lcc
_cBOOKS
_hP91.3 RUD
_kP
_mRUD
_n0
999 _c172593
_d172593